banner koha

Reemerging of natural infection by Trypanosoma evansi in horses in Arari, Marajó Island, Brazil (Registro n. 328621)

MARC details
000 -LÍDER
fixed length control field 04548nab a2200385 i 4500
003 - CÓDIGO MARC DA AGÊNCIA CATALOGADORA
Campo de controle BR-BrBNA
005 - DATA E HORA DA ÚLTIMA ATUALIZAÇÃO
Campo de controle 20241113144257.0
008 - CAMPO DE TAMANHO FIXO
fixed length control field 241113b2016 bl.mr|pooa||| 00| 0 eng |
040 ## - FONTE DA CATALOGAÇÃO
Agência catalogadora BR-BrBNA
Idioma da catalogação eng
072 ## - CATEGORIA AGRIS
Código AGRIS L73
Código do objeto 5120
100 ## - ENTRADA PRINCIPAL - NOME PESSOAL
Nome pessoal Silva, Josileide Araújo da
100 ## - ENTRADA PRINCIPAL - NOME PESSOAL
Nome pessoal Domiciano, Tarcísio Oliveira
100 ## - ENTRADA PRINCIPAL - NOME PESSOAL
Nome pessoal Montão, Daniele Pina
100 ## - ENTRADA PRINCIPAL - NOME PESSOAL
Nome pessoal Sousa, Paulo Geovani Silva
100 ## - ENTRADA PRINCIPAL - NOME PESSOAL
Nome pessoal Ramos, Leandro Lopes
100 ## - ENTRADA PRINCIPAL - NOME PESSOAL
Nome pessoal Paredes, Laura Jamille Argolo
100 ## - ENTRADA PRINCIPAL - NOME PESSOAL
Nome pessoal Monteiro, Silvia Gonzalez
100 ## - ENTRADA PRINCIPAL - NOME PESSOAL
Nome pessoal Rivero, Gabriela Riet Correa
100 ## - ENTRADA PRINCIPAL - NOME PESSOAL
Nome pessoal ScofieldI, Alessandra
100 ## - ENTRADA PRINCIPAL - NOME PESSOAL
Nome pessoal Bezerra Júnior, Pedro
100 ## - ENTRADA PRINCIPAL - NOME PESSOAL
Nome pessoal Bezerra, Isis Abel
100 ## - ENTRADA PRINCIPAL - NOME PESSOAL
Nome pessoal Cerqueira, Valíria Duarte
245 ## - TÍTULO PRINCIPAL
Título principal Reemerging of natural infection by Trypanosoma evansi in horses in Arari, Marajó Island, Brazil
500 ## - NOTA GERAL
Nota geral Publicação on-line; 18 ref.; 2 illus; Sumaries (En, Pt)
942 ## - ADDED ENTRY ELEMENTS (KOHA)
Koha item type Analítica
520 ## - NOTA DE RESUMO
Nota de conteúdo <br/><br/>ABSTRACT - Two outbreaks of trypanosomiasis by Trypanosoma evansi in horses in the municipality of Chaves, Marajó Island, Pará State, Brazil are reported. The first outbreak occurred in April 2011 in a farm with 147 horses; of these, 47 (31.97%) got sick, and 40 (27.21%) died. The second outbreak occurred in May 2012 and involved nine properties. Of a total of 679 horses, 209 (30.07%) got sick, and 183 (26.97%) died. The main clinical signs observed in these horses were weight loss, abdominal edema, toe dragging, and pelvic muscle atrophy. Necropsy was performed in two horses, one from each outbreak. Macroscopic alterations were not seen in the horse from the first outbreak; however, the horse from the second outbreak exhibited emaciation, pallor and icterus, as well as enlarged spleen with prominent white pulp at cut surface. Histopathology of the central nervous system of both animals revealed mild to severe, diffuse lymphoplasmacytic encephalitis, with presence of Mott cells. Immunohistochemistry for T. evansi<br/>revealed structures similar to intralesional trypomastigote forms. Between November and December of 2013, an epidemiological survey was carried out in the municipalities of Cachoeira do Arari, Santa Cruz do Arari, Salvaterra, Soure, and Chaves. Only Santa Cruz do Arari and Chaves had reported cases of the disease. Blood samples were collected from 243 horses for detection of T. evansi DNA by polymerase chain reaction (PCR) and 20 were positive.<br/><br/>Key words: equids, trypanosomiasis, Pará, Marajó Island.
520 ## - NOTA DE RESUMO
Nota de conteúdo <br/><br/>RESUMO - São relatados dois surtos de tripanossomíase por Trypanosoma evansi, em cavalos no município de Chaves, Ilha do Marajó, Pará, Brasil. O primeiro surto ocorreu em abril de 2011 em uma fazenda com 147 cavalos, em que 47 (31,97%) adoeceram e 40 (27,21%) morreram. O segundo ocorreu em maio de 2012 e envolveu nove propriedades. De um total de 679 cavalos, 209 (30,07%) adoeceram e 183 (26,97%) morreram. Os principais sinais clínicos observados foram perda de peso, edema abdominal, emboletamento dos membros e atrofia da musculatura da região pélvica e membros posteriores. A necropsia foi realizada em dois cavalos, um de cada surto. O equino do primeiro surto não apresentou lesões macroscópicas, enquanto o segundo, do segundo surto, apresentava emagrecimento, palidez e icterícia, aumento do baço com protrusão da polpa branca ao corte. O sistema nervoso central de ambos os animais revelou uma leve à severa encefalite linfoplasmocitária, difusa, com presença de células de Mott. A imunohistoquímica para T. evansi revelou estruturas similares a formas tripomastigotas nas lesões. Entre novembro e dezembro de 2013, um levantamento epidemiológico foi realizado nos municípios de Cachoeira do Arari, Santa Cruz do Arari, Salvaterra, Soure e Chaves. Somente Santa Cruz do Arari e Chaves relataram casos da doença. Foram coletadas amostras de sangue de 243 equinos e realizada a reação em cadeia de polimerase (PCR) para a detecção do DNA de T. evansi das quais 20 foram positivas.<br/><br/>Palavras-chave: equídeos, tripanossomíase, Pará, Ilha de Marajó
650 ## - ASSUNTO - THESAGRO
Cabeçalho tópico ou nome geográfico CAVALO
650 ## - ASSUNTO - THESAGRO
Cabeçalho tópico ou nome geográfico DOENÇA ANIMAL
650 ## - ASSUNTO - THESAGRO
Cabeçalho tópico ou nome geográfico TRIPANOSSOMIASE
650 ## - ASSUNTO - THESAGRO
Cabeçalho tópico ou nome geográfico PARÁ
773 0# - ENTRADA ANALÍTICA
Host Biblionumber 2408
Registro do item 314934
Imprenta Santa Maria-RS Universidade Federal de Santa Maria - Centro de Ciências Rurais 1991
Outro identificador 2024-1185
Título Ciência Rural (Brazil)
ISSN 0103-8478
Colação v. 46(12) p. 2170-2176; (2016)
Número de controle de registro BR2024003403
856 ## - ACESSO E ENDEREÇO ELETRÔNICO
Identificador uniforme de recurso - URI https://www.scielo.br/j/cr/a/J9bt9zK98qZQw8wVqqkNjPq/?format=pdf&lang=en

Nenhum exemplar disponível.

BINAGRI

Telefone: (61)3218-2567/2388/3357/2097 - binagri@agro.gov.br

Ministério da Agricultura e Pecuária , Esplanada dos Ministérios, Bloco D, Anexo B, Brasília/DF, CEP: 70.043-900